[Event "Berlin-ch Seniors op 39th"]
[Site "Berlin"]
[Date "2023.01.27"]
[Round "4"]
[White "Schmidt, Dietrich"]
[Black "Braeunlin, Herbert"]
[Result "0-1"]
[WhiteElo "1878"]
[BlackElo "2077"]
[PlyCount "110"]
[EventDate "2023.01.24"]
[EventType "swiss"]
[EventRounds "9"]
[EventCountry "GER"]
[SourceTitle "CBM 212 Extra"]
[Source "ChessBase"]
[SourceDate "2023.03.31"]
[SourceVersion "1"]
[SourceVersionDate "2023.03.31"]
[SourceQuality "1"]

1. e4 c5 2. Nc3 d6 3. f4 g6 4. Nf3 Bg7 5. Bc4 Nc6 6. 0-0 e6 7. d3 Nge7 8. f5 0-0 9. fxe6 Bxe6 10. Bb3 Bxb3 11. axb3 d5 12. Qe1 Qd7 13. Qg3 Nd4 14. Nxd4 cxd4 15. Nxd5 Nxd5 16. exd5 Qxd5 17. Qf3 Qc5 18. Rf2 Rae8 19. Bf4 Re7 20. h3 Rfe8 21. Raf1 f5 22. Bg5 Rf7 23. Re2 Rxe2 24. Qxe2 h6 25. Qe8+ Qf8 26. Qxf8+ Rxf8 27. Bf4 Rc8 28. Rf2 Rc6 29. Re2 Kf7 30. Kf1 g5 31. Bb8 a6 32. Ke1 Bf6 33. Kd1 Rc5 34. Kc1 f4 35. Kd1 Rf5 36. Rf2 Kg6 37. Bc7 Rc5 38. Bd6 Rc6 39. Bb8 Kf5 40. Kd2 Rc8 41. Bd6 Rc6 42. Bb8 Re6 43. Bc7 Be7 44. c3 Bc5 45. Re2 dxc3+ 46. bxc3 Be3+ 47. Kc2 Rc6 48. Bb8 h5 49. c4 g4 50. Kc3 Re6 51. b4 f3 52. hxg4+ hxg4 53. gxf3 gxf3 54. Re1 Bd4+ 55. Kd2 Bc3+ 0-1

[Event "Berlin-ch Seniors op 39th"]
[Site "Berlin"]
[Date "2023.01.26"]
[Round "3"]
[White "Witte, Ronald"]
[Black "Schmidt, Dietrich"]
[Result "1/2-1/2"]
[WhiteElo "2019"]
[BlackElo "1878"]
[PlyCount "24"]
[EventDate "2023.01.24"]
[EventType "swiss"]
[EventRounds "9"]
[EventCountry "GER"]
[SourceTitle "CBM 212 Extra"]
[Source "ChessBase"]
[SourceDate "2023.03.31"]
[SourceVersion "1"]
[SourceVersionDate "2023.03.31"]
[SourceQuality "1"]

1. d4 Nf6 2. c4 d6 3. Nf3 Nbd7 4. Nc3 e5 5. e4 Be7 6. Be2 0-0 7. 0-0 c6 8. d5 Nc5 9. Qc2 a5 10. Ne1 Ne8 11. Nd3 Nxd3 12. Bxd3 Bg5 1/2-1/2

[Event "Berlin-ch Seniors op 34th"]
[Site "Berlin"]
[Date "2018.01.31"]
[Round "2"]
[White "Andress, Silvio"]
[Black "Schmidt, Dietrich"]
[Result "0-1"]
[WhiteElo "1683"]
[BlackElo "1921"]
[PlyCount "78"]
[EventDate "2018.01.30"]
[EventType "swiss"]
[EventRounds "9"]
[EventCountry "GER"]
[SourceTitle "EXT 2020"]
[Source "ChessBase"]
[SourceDate "2019.10.17"]
[SourceVersion "1"]
[SourceVersionDate "2019.10.17"]
[SourceQuality "1"]

1. b4 d5 2. Bb2 Qd6 3. a3 e5 4. Nf3 e4 5. Nd4 a5 6. b5 Nf6 7. e3 Nbd7 8. a4 Ne5 9. Ba3 Qd8 10. Bxf8 Kxf8 11. Na3 g6 12. Be2 h5 13. d3 Bg4 14. f3 exf3 15. Nxf3 Qd6 16. 0-0 Re8 17. Qd2 Bxf3 18. gxf3 d4 19. e4 g5 20. Nc4 Nxc4 21. dxc4 Qe5 22. Bd3 h4 23. Rf2 Nh5 24. Re1 Nf4 25. Bf1 b6 26. Rd1 Rd8 27. Qc1 Kg7 28. Rfd2 Rd6 29. Qb2 Rhd8 30. Qb1 f6 31. Kf2 Ne6 32. Qa1 Qxh2+ 33. Bg2 h3 34. Rg1 Nf4 35. Qf1 hxg2 36. Rxg2 Qxg2+ 37. Qxg2 Nxg2 38. Kxg2 d3 39. c3 f5 0-1

[Event "Berlin-ch Seniors op 33rd"]
[Site "Berlin"]
[Date "2017.02.07"]
[Round "7"]
[White "Paul, Reinhart"]
[Black "Schmidt, Dietrich"]
[Result "1/2-1/2"]
[WhiteElo "2033"]
[BlackElo "1890"]
[PlyCount "42"]
[EventDate "2017.01.31"]
[EventType "swiss"]
[EventRounds "9"]
[EventCountry "GER"]
[SourceTitle "EXT 2019"]
[Source "ChessBase"]
[SourceDate "2018.10.10"]
[SourceVersion "1"]
[SourceVersionDate "2018.10.10"]
[SourceQuality "1"]

1. e4 c6 2. d4 d5 3. exd5 cxd5 4. Nf3 Bg4 5. h3 Bh5 6. Be2 Nc6 7. 0-0 Nf6 8. c3 e6 9. Bf4 Bd6 10. Bxd6 Qxd6 11. Nbd2 h6 12. Re1 Bg6 13. Ne5 Bh7 14. Ndf3 0-0 15. Bd3 Bxd3 16. Qxd3 Rac8 17. Re3 Ne4 18. Nxc6 bxc6 19. c4 c5 20. dxc5 Qxc5 21. cxd5 exd5 1/2-1/2

[Event "Berlin-ch Seniors op 31st"]
[Site "Berlin"]
[Date "2015.02.02"]
[Round "4"]
[White "Schmidt, Dietrich"]
[Black "Albrecht, Rainer"]
[Result "0-1"]
[WhiteElo "1771"]
[BlackElo "1996"]
[PlyCount "42"]
[EventDate "2015.01.29"]
[EventType "swiss"]
[EventRounds "9"]
[EventCountry "GER"]
[SourceTitle "EXT 2018"]
[Source "ChessBase"]
[SourceDate "2017.10.13"]
[SourceVersion "1"]
[SourceVersionDate "2017.10.13"]
[SourceQuality "1"]

1. e4 e6 2. d4 d5 3. Nc3 Nf6 4. exd5 exd5 5. Bd3 c5 6. Nf3 Nc6 7. Qe2+ Be6 8. dxc5 h6 9. Nb5 Bxc5 10. Bf4 Rc8 11. c3 0-0 12. 0-0 Re8 13. Qd2 Ne4 14. Qd1 Bg4 15. Be3 Bxe3 16. fxe3 Qb6 17. Qe2 Ne5 18. h3 Nxf3+ 19. Rxf3 Bxf3 20. gxf3 Ng5 21. Kh2 Qxe3 0-1

[Event "Berlin-ch Seniors op 30th"]
[Site "Berlin"]
[Date "2014.02.03"]
[Round "5"]
[White "Pueschel, Werner"]
[Black "Schmidt, Dietrich"]
[Result "1-0"]
[WhiteElo "2008"]
[BlackElo "1824"]
[PlyCount "69"]
[EventDate "2014.01.30"]
[EventType "swiss"]
[EventRounds "9"]
[EventCountry "GER"]
[SourceTitle "EXT 2018"]
[Source "ChessBase"]
[SourceDate "2017.10.13"]
[SourceVersion "1"]
[SourceVersionDate "2017.10.13"]
[SourceQuality "1"]

1. e4 c6 2. d4 d5 3. exd5 cxd5 4. Bd3 Nc6 5. c3 Nf6 6. h3 e5 7. dxe5 Nxe5 8. Nf3 Nxd3+ 9. Qxd3 Bd6 10. 0-0 0-0 11. Be3 b6 12. Re1 Re8 13. Nbd2 Bb7 14. Bg5 h6 15. Rxe8+ Qxe8 16. Bxf6 gxf6 17. Re1 Qd7 18. Qe3 Kh7 19. Nd4 Rg8 20. N2f3 Bc8 21. Kh1 Rg6 22. Nh4 Rg5 23. Ndf3 Rg8 24. Qd3+ Kh8 25. Qxd5 Bb7 26. Qh5 Bf4 27. Nf5 Kh7 28. N5d4 Rg6 29. Qf5 Qc7 30. Nh4 Be5 31. Nxg6 fxg6 32. Qe6 Bc8 33. Qc6 Qd8 34. f4 Bxf4 35. Re8 1-0